Statistics for Think Fast! #8

Click here to take the quiz!

General Stats

  • This quiz has been taken 5 times
  • The average score is 4 of 10

Answer Stats

QuestionAnswer% Correct
What is the past of eat?Ate
80%
What is the most common letter in English?E
80%
The Amazon, Nile, and Volga are -Rivers
80%
What color is milk?White
80%
How many days are in a leap year?365
20%
Is the moon made of cheese?No
20%
How many q's are in this sentence?One
20%
What is the chemical symbol for iron?Fe
0%
Who was the first person on the moon?Neil Armstrong
0%
Mixing red and yellow makes -Orange
0%

Score Distribution

Percentile by Number Answered

Percent of People with Each Score

Your Score History

You have not taken this quiz